El ingenioso hidalgo don quijote de la mancha. tomo vi /

Guardado en:
Autor Principal: Cervantes Saavedra, Miguel de
Formato: Libro
Publicado: Madrid : Espasa Calpe, 1950
Edición:5a. ed.
Series:Clásicos castellanos, 16
Materias:
Etiquetas: Agregar Etiqueta
Sin Etiquetas, Sea el primero en etiquetar este registro!
LEADER 00744nam a22002055a 4500
001 CEM.cems001564
005 20060215000000.0
008 130507s1950##################000#0#####d
003 CEMS
082 0 4 |a 863.3 
100 1 |a Cervantes Saavedra, Miguel de 
245 1 0 |a El ingenioso hidalgo don quijote de la mancha. tomo vi /  |c Miguel de Cervantes Saavedra 
250 |a 5a. ed. 
260 |a Madrid :  |b Espasa Calpe,  |c 1950 
300 |a 342 p. 
490 0 |a Clásicos castellanos, 16 
505 0 |a Contiene: cap. XIX a XXXV de la 2§ parte con notas de Francisco Rodr¡guez Mar¡n de la Real Academia Espa¤ola.- 
653 |a Literatura 
653 |a Novela española-siglo de oro 
859 |a CEMS  |b BIB. CEMS - 11 de abril  |h 863.3  |i C337-2a5/VI  |p 10608.81  |t Ej.1